| 000 | 00957nam a2200229 i 4500 | ||
|---|---|---|---|
| 001 | 164946 | ||
| 003 | ES-MaACL | ||
| 005 | 20230906213034.0 | ||
| 008 | 950206s1879 fr |||| | fre d | ||
| 040 | _aCLM | ||
| 100 | 1 |
_aSchmidt, Oscar. _9132556 |
|
| 245 | 1 | 4 |
_aLes sciences naturelles et la philosophie de l'inconscient / _cpar Oscar Schmidt ; traduit de l'allemand par Jules Soury et Edouard Meyer ; et précédé d'une étude critique sur la philosophie de l'inconscient [par Jules Soury]. |
| 260 |
_aParis : _bLibrairie Germer Baillière et Cie., _c1879 ( _eCoulommiers : _fImprimerie Paul Brodard) |
||
| 300 |
_aXXXVII, 168 p. ; _c19 cm. |
||
| 490 | 1 | _aBibliothèque de philosophie contemporaine | |
| 700 | 0 |
_aMeyer, Edouard. _980782 |
|
| 700 | 1 |
_aSoury, Jules. _9132857 |
|
| 830 | 0 |
_aBibliothèque de philosophie contemporaine _9181027 |
|
| 852 |
_aES-MaACL _jF-11750 _z-- Enc. pasta española |
||
| 999 |
_c164946 _d164946 |
||